Diccionario de argot español (Record no. 33312)

MARC details
000 -LEADER
campo de control de longitud fija 00842nam a2200205 i 4500
001 - NÚMERO DE CONTROL
campo de control 33312
003 - IDENTIFICADOR DE NÚMERO DE CONTROL
campo de control ES-MaACL
005 - FECHA Y HORA DE LA ÚLTIMA TRANSACCIÓN
campo de control 20230906154733.0
007 - CAMPO FIJO DE DESCRIPCIÓN FÍSICA--INFORMACIÓN GENERAL
campo de control de longitud fija t|
008 - DATOS DE LONGITUD FIJA--INFORMACIÓN GENERAL
campo de control de longitud fija 030202q1890 sp d |||| | spa d
100 1# - ENTRADA PRINCIPAL--NOMBRE DE PERSONA
Nombre de persona Besses, Luis.
9 (RLIN) 28600
245 10 - MENCIÓN DEL TÍTULO
Título Diccionario de argot español
Resto del título o Lenguaje jergal gitano, delincuente profesional y popular /
Mención de responsabilidad, etc. por Luis Besses.
246 30 - FORMA VARIANTE DEL TITULO
Título propio/Titulo breve Lenguaje jergal gitano, delincuente profesional y popular
260 ## - PUBLICACIÓN, DISTRIBUCIÓN, ETC.
Lugar de publicación, distribución, etc. Barcelona :
Nombre del editor, distribuidor, etc. Sucesores de Manuel Soler,
Fecha de publicación, distribución, etc. [1890?] (
Fabricante Tip. de Modesto Berdós)
300 ## - DESCRIPCIÓN FÍSICA
Extensión 273 p. ;
Dimensiones 16 cm.
530 ## - NOTA DISPONIBLE DE FORMULARIO FÍSICO ADICIONAL
Nota de formato físico adicional disponible Disponible en formato digital.
650 #4 - PUNTO DE ACCESO ADICIONAL DE MATERIA--TÉRMINO DE MATERIA
Término de materia o nombre geográfico como elemento de entrada Lengua española-
Subdivisión general Argots y jergas-
Subdivisión de forma Diccionarios.
9 (RLIN) 148231
852 ## - LOCALIZACIÓN
Ubicación ES-MaACL
Número de control de estantería F-15617
856 ## - LOCALIZACIÓN Y ACCESO ELECTRÓNICOS
Identificador Uniforme de Recursos <a href="http://bibliotecadigital.jcyl.es/i18n/consulta/registro.cmd?id=13365">http://bibliotecadigital.jcyl.es/i18n/consulta/registro.cmd?id=13365</a>
Nota pública Biblioteca Digital de Castilla y León
Holdings
Estatus retirado Estado de pérdida Estado de daño No para préstamo Colección Biblioteca de origen Biblioteca actual Ubicación en estantería Fecha de adquisición Fuente de adquisición Total de préstamos Signatura topográfica completa Código de barras Visto por última vez Precio de reemplazo Tipo de ítem Koha
        Colección digital Biblioteca del Ateneo de Madrid Biblioteca del Ateneo de Madrid Sala Pecera Planta 2 17/01/2008     F-15617 1034640 23/02/2023 23/02/2023 Libro impreso antiguo